<?xml version="1.0" encoding="UTF-8"?><?xml-stylesheet type="text/xsl" href="static/style.xsl"?><OAI-PMH xmlns="http://www.openarchives.org/OAI/2.0/" xmlns:xsi="http://www.w3.org/2001/XMLSchema-instance" xsi:schemaLocation="http://www.openarchives.org/OAI/2.0/ http://www.openarchives.org/OAI/2.0/OAI-PMH.xsd"><responseDate>2026-06-04T23:55:30Z</responseDate><request verb="GetRecord" identifier="oai:riuma.uma.es:10630/45214" metadataPrefix="marc">https://riuma.uma.es/rest/oai/request</request><GetRecord><record><header><identifier>oai:riuma.uma.es:10630/45214</identifier><datestamp>2026-02-06T00:45:25Z</datestamp><setSpec>com_10630_2254</setSpec><setSpec>col_10630_37953</setSpec></header><metadata><record xmlns="http://www.loc.gov/MARC21/slim" xmlns:dcterms="http://purl.org/dc/terms/" xmlns:doc="http://www.lyncode.com/xoai" xmlns:xsi="http://www.w3.org/2001/XMLSchema-instance" xsi:schemaLocation="http://www.loc.gov/MARC21/slim http://www.loc.gov/standards/marcxml/schema/MARC21slim.xsd">
   <leader>00925njm 22002777a 4500</leader>
   <datafield ind2=" " ind1=" " tag="042">
      <subfield code="a">dc</subfield>
   </datafield>
   <datafield ind2=" " ind1=" " tag="720">
      <subfield code="a">Aciego, Juan José</subfield>
      <subfield code="e">author</subfield>
   </datafield>
   <datafield ind2=" " ind1=" " tag="720">
      <subfield code="a">Gonzalez-Prieto, Ignacio</subfield>
      <subfield code="e">author</subfield>
   </datafield>
   <datafield ind2=" " ind1=" " tag="720">
      <subfield code="a">Durán-Martínez, Mario Javier</subfield>
      <subfield code="e">author</subfield>
   </datafield>
   <datafield ind2=" " ind1=" " tag="720">
      <subfield code="a">Gonzalez-Prieto, Angel</subfield>
      <subfield code="e">author</subfield>
   </datafield>
   <datafield ind2=" " ind1=" " tag="720">
      <subfield code="a">Carrillo-Rios, Juan</subfield>
      <subfield code="e">author</subfield>
   </datafield>
   <datafield ind2=" " ind1=" " tag="260">
      <subfield code="c">2024-02-07</subfield>
   </datafield>
   <datafield ind2=" " ind1=" " tag="520">
      <subfield code="a">Un grupo diverso de las denominadas técnicas multivectoriales ha aparecido recientemente con el objetivo de mejorar el rendimiento del control de accionamientos multifásicos cuando se implementa una estrategia de control directo. Con diferentes números de estados de conmutación y distintos enfoques para estimar los tiempos de aplicación, cada solución multivectorial posee su propia naturaleza y ventajas.

Estudios previos han evaluado de manera individual cada versión de las estrategias propuestas de control predictivo basado en conjuntos finitos (FCS-MPC) utilizando una única configuración experimental con parámetros específicos y, en algunos casos, un rango limitado de condiciones de operación, centrándose exclusivamente en ciertos aspectos del control. Aunque dichos trabajos aportan contribuciones parciales, el rendimiento del control está fuertemente influenciado por las condiciones del banco de pruebas, dependiendo de los parámetros de la máquina, la frecuencia de conmutación y el rango de operación.

En consecuencia, resulta difícil extraer conclusiones universales que orienten al diseñador de control sobre la mejor alternativa para cada aplicación. Con el objetivo de ampliar el conocimiento en este campo y proporcionar una visión más amplia, este trabajo realiza un análisis global considerando distintas técnicas multivectoriales, diversos parámetros de máquina, múltiples puntos de operación y un conjunto completo de índices de evaluación.

Los resultados experimentales confirman que la selección de la estrategia de control más adecuada no es una tarea trivial, ya que el grado en que las técnicas multivectoriales se ven afectadas por las condiciones de prueba es variable y complejo. Algunas tablas con un análisis cualitativo, basadas en extensas pruebas empíricas, aportan una visión más completa y orientan a los diseñadores de control en la decisión sobre el enfoque de regulación óptimo a seleccionar.</subfield>
   </datafield>
   <datafield ind1="8" ind2=" " tag="024">
      <subfield code="a">Aciego, J. J., Gonzalez-Prieto, I., Duran, M. J., Gonzalez-Prieto, A., &amp; Carrillo-Rios, J. (2024). Guiding the Selection of Multi-Vector Model Predictive Control Techniques for Multiphase Drives. Machines, 12(2), 115. https://doi.org/10.3390/machines12020115</subfield>
   </datafield>
   <datafield ind1="8" ind2=" " tag="024">
      <subfield code="a">https://hdl.handle.net/10630/45214</subfield>
   </datafield>
   <datafield ind1="8" ind2=" " tag="024">
      <subfield code="a">10.3390/ machines12020115</subfield>
   </datafield>
   <datafield tag="653" ind2=" " ind1=" ">
      <subfield code="a">Máquinas eléctricas</subfield>
   </datafield>
   <datafield ind2="0" ind1="0" tag="245">
      <subfield code="a">Guiding the Selection of Multi-Vector Model Predictive Control Techniques for Multiphase Drives</subfield>
   </datafield>
</record>
</metadata></record></GetRecord></OAI-PMH>